GETTING TO INNOVATION HOW ASKING THE RIG (Record no. 29396)

MARC details
000 -LEADER
fixed length control field 00350nam a2200133Ia 4500
008 - FIXED-LENGTH DATA ELEMENTS--GENERAL INFORMATION
fixed length control field 240624s9999 xx 000 0 und d
041 ## - LANGUAGE CODE
Language code of text/sound track or separate title eng
082 ## - DEWEY DECIMAL CLASSIFICATION NUMBER
Classification number 658.4 VAN
100 ## - MAIN ENTRY--PERSONAL NAME
Personal name VANGUNDY ARTHUR B
245 ## - TITLE STATEMENT
Title GETTING TO INNOVATION HOW ASKING THE RIG
260 ## - PUBLICATION, DISTRIBUTION, ETC.
Date of publication, distribution, etc. 2007
Place of publication, distribution, etc. New York
Name of publisher, distributor, etc. Amacom
300 ## - PHYSICAL DESCRIPTION
Extent xvii, , 270 , 23 , p. , cm.
365 ## - TRADE PRICE
Currency code
Price amount 30
Holdings
Withdrawn status Lost status Damaged status Not for loan Home library Current library Shelving location Date acquired Cost, normal purchase price Full call number Barcode Date last seen Copy number Price effective from Koha item type
        IMTN IMTN Rack 28-A 11/03/2017 29.95 658.4 VAN 29396 06/24/2024 66.7 06/24/2024 Books
Designed & Maintained by: LRC IMT Nagpur Contact: lrc@imtnag.ac.in© 2024. All Rights Reserved.